00924nam a2200277Ia 4500001000700000003000500007008004100012010001100053040000900064090001600073100003100089245009000120260004400210300001000254502008700264650003100351650003100382650003100413901001600444902000600460910000900466942000600475942000600481999001900487952014000506Z_1378CHAP220113s1978 xx 000 0 und d a164467 cCHAP aTesis F 687 aFuchser, David Dale943794 aAmmonium lignin sulfonate treated corn silage for ruminants /cby David Dale Fuchser aLincoln, Nebraska :bThe author,c1978 a70 h. aThesis (Master of Science) -- University of Nebraska. Department of Animal Science aMaíz como forraje971109 aRumiantesxAlimentación  aSulfato de Amonio 9110617 aTESIS F 687 aM a1978 c2 c2 c164467d164467 00102local4051708TESISaZbZd2005-11-09eE autorl0oTesis D35 687 1978p5101000949r2022-01-18 00:00:00tEj.1w2022-01-18yTESIS